| 000 | 00574cam a22002051 4500 | ||
|---|---|---|---|
| 001 | 8848454 | ||
| 005 | 20180104044431.0 | ||
| 008 | 720524s1953 maua d 000 0 eng | ||
| 010 | _a 53001416 | ||
| 035 | _a(OCoLC)317123 | ||
| 040 |
_aDLC _cODaWU _dOCoLC _dDNIE _dNBrockU _dNcGU _dDLC |
||
| 041 | _aeng | ||
| 080 | _a421.5 | ||
| 082 | _a421.5 KEN | ||
| 100 | 1 | _a46 | |
| 101 | _aEDU | ||
| 245 | 1 | 2 |
_aA pronouncing dictionary of American English, _cby John Samuel Kenyon and Thomas Albert Knott. |
| 906 |
_a7 _bcbc _coclcrpl _du _encip _f19 _gy-gencatlg |
||
| 942 |
_2ddc _cBK |
||
| 999 |
_c39692 _d39692 |
||